Dân ca Thái Hai trăm lẻ sáu bài dân ca Thái về tình yêu

Đã lưu trong:
书目详细资料
主要作者: Mạc Phi
格式: 图书
语言:Vietnamese
出版: H. Văn hoá 1979
主题:
标签: 添加标签
没有标签, 成为第一个标记此记录!
Thư viện lưu trữ: Mạng thư viện Đại học Đà Nẵng
LEADER 00850nam a2200313 4500
001 000009706
003 5903
005 20111031161009.0
008 111031s1979 viesd
020 |c 8000đ 
041 0 |a vie 
082 |a 782.42162  |b MA-P 
100 0 |a Mạc Phi 
245 0 |a Dân ca Thái  |b Hai trăm lẻ sáu bài dân ca Thái về tình yêu  |c Mạc Phi sưu tầm, giới thiệu, dịch 
260 |a H.  |b Văn hoá  |c 1979 
300 |a 161 tr.  |c 19 cm. 
653 |a Văn học dân gian 
653 |a Thái 
653 |a Dân ca 
653 |a Việt Nam 
910 |a Huỳnh Thị Cẩm Lai  |d 31/10/2011 
OWN |a LSP 
999 |a From the UDN01 
TYP |a Monograph 
TYP |a Printed language 
980 |a Mạng thư viện Đại học Đà Nẵng